Spotrebiteľ na finančnom trhu
Finančné trhy a finančný spotrebiteľ. Systém dohľadu na finančných trhoch EÚ. Dohľad nad finančným trhom SR. Poškodzovanie ekonomických záujmov finančného spotrebiteľa. Spotrebiteľ ako subjekt na finančnom trhu. Spotrebiteľské práva a nekalé praktiky.
Salvato in:
| Autore principale: | |
|---|---|
| Natura: | Capitolo di libro |
| Lingua: | slovacco |
| Soggetti: | |
| Tags: |
Nessun Tag, puoi essere il primo ad aggiungerne!!
|
MARC
| LEADER | 00000naa a2200000 4500 | ||
|---|---|---|---|
| 001 | 0259266 | ||
| 005 | 20240502074111.7 | ||
| 041 | 0 | |a slo | |
| 044 | |a SK | ||
| 245 | 1 | 0 | |a Spotrebiteľ na finančnom trhu |c Mária Dzurová |
| 520 | |a Finančné trhy a finančný spotrebiteľ. Systém dohľadu na finančných trhoch EÚ. Dohľad nad finančným trhom SR. Poškodzovanie ekonomických záujmov finančného spotrebiteľa. Spotrebiteľ ako subjekt na finančnom trhu. Spotrebiteľské práva a nekalé praktiky. | ||
| 610 | 2 | 0 | |a trh finančný |
| 610 | 2 | 0 | |a sprostredkovatelia finanční |
| 610 | 2 | 0 | |a informácie |
| 610 | 2 | 0 | |a dohľad nad finančným trhom |
| 610 | 2 | 0 | |a Európska únia |
| 610 | 2 | 0 | |a ochrana spotrebiteľa |
| 610 | 2 | 0 | |a inštitúcie finančné |
| 100 | 1 | |a Dzurová, Mária | |